000 00301 a2200157 4500
001 170894
020 _a
040 _cMagnum
100 _aTambaiolli Neto, Egidio
240 1 0 _aA missao
_lpor
245 1 0 _aA missao
362 0 _a1899
440 1 _aFTD
697 _aPARADIDATICO
942 _cBK
999 _c170894
_d170894